Stray Kids Discography - Statistics

General Stats
  • This quiz has been taken 74 times
  • The average score is 102 of 164
Answer Stats
Hint Answer % Correct
N/S
98%
MIXTAPE Hellevator
93%
MAXIDENT CASE 143
91%
S-CLASS
91%
ROCK-STAR MEGAVERSE
89%
Thunderous
89%
God's Menu
87%
MANIAC
87%
TA
87%
TOP
87%
I AM WHO WHO?
87%
ALL IN ALL IN
85%
JJAM
85%
LALALALA
85%
THE SOUND THE SOUND
85%
Chk Chk Boom
83%
ODDINARY VENOM
83%
I AM YOU YOU.
83%
NOEASY CHEESE
81%
MIROH
81%
District 9
80%
FREEZE
80%
5-STAR Hall of Fame
80%
I Like It
80%
Levanter
80%
Red Lights
80%
Back Door
78%
ATE MOUNTAINS
78%
Stray Kids
78%
Drive
76%
Super Bowl
76%
TOPLINE
76%
Charmer
74%
Easy
74%
RUN
74%
TASTE
74%
IN LIFE The Tortoise and the Hare
74%
twilight
74%
My Pace
72%
Runners
72%
SUPER BOARD
72%
3RACHA
70%
DOMINO
70%
I am YOU
70%
Social Path
70%
DLC
69%
Double Knot
69%
GET LIT
69%
ITEM
69%
Leave
69%
The View
69%
BLIND SPOT
67%
COMFLEX
67%
FNF
67%
Mixtape: OH
67%
Secret Secret
67%
Side Effects
67%
Silent Cry
67%
Surfin'
67%
Alien
65%
Cover Me
65%
Deep End
65%
FAM
65%
Lonely St.
65%
Mixtape 1
65%
Mixtape 2
65%
Mixtape 3
65%
Mixtape 4
65%
School Life
65%
CHILL
63%
CIRCUS
63%
SKZ-REPLAY Connected
63%
Get Cool
63%
GO LIVE GO LIVE
63%
Muddy Water
63%
I AM NOT NOT!
63%
Wow
63%
Youtiful
63%
Airplane
61%
Astronaut
61%
Blueprint
61%
DOODLE
61%
GIVE ME Your TMI
61%
ice.cream
61%
Maknae On Top
61%
Mirror
61%
ROCK
61%
SSICK
61%
Wolfgang
61%
4419
59%
DLMLU
59%
Gone Away
59%
SLUMP
59%
Victory Song
59%
Waiting For Us
59%
Any
57%
Collision
57%
Limbo
57%
Mixtape: Time Out
57%
Question
57%
Voices
57%
YAYAYA
57%
19
56%
Boxer
56%
Chronosaurus
56%
i hate to admit
56%
Maze of Memories
56%
Mixtape : ON TRACK
56%
Pacemaker
56%
Sorry, I Love You
56%
Spread My Wings
56%
Awkward Silence
54%
BEWARE
54%
B Me
54%
Mixtape : GONE DAYS
54%
Phobia
54%
SKZ 2021 Scars
54%
Star Lost
54%
TMT
54%
0325
52%
Battle Ground
52%
HaPpY
52%
#LoveSTAY
52%
Stars and Raindrops
52%
ZONE
52%
Awaken
50%
Because
50%
Can't Stop
50%
Ex
50%
GLOW
50%
Haven
50%
Hug Me
50%
3rd Eye
48%
Another Day
48%
Hero's Soup
48%
MIA
48%
My Universe
48%
There
48%
We Go
48%
Clé 1: MIROH Entrance
46%
Grow Up
46%
Hoodie Season
46%
I GOT IT
46%
Love Untold
46%
Placebo
46%
Clé: LEVANTER STOP
46%
Streetlight
46%
Up All Night
46%
Booster
44%
Close
44%
Lost Me
44%
My Side
44%
Clé 2: Yellow Wood Road Not Taken
44%
miss you
43%
Novel
43%
Sunshine
43%
You Can STAY
43%
Behind the Light
39%
Broken Compass
39%
For You
39%
One Day
37%
Wish You Back
37%
Piece of Puzzle
22%
Insomia
9%
No matching quizzes found
Score Distribution
Percent of People with Each Score
Percentile by Number Answered
Your Score History
You have not taken this quiz